| 000 | 00487nam a2200181Ia 4500 | ||
|---|---|---|---|
| 001 | 9670 | ||
| 005 | 20260306161735.0 | ||
| 008 | 260306t2009||||xx |||||||||||||| ||spa|| | ||
| 041 | _aESP | ||
| 082 |
_a388.485 _bB53 |
||
| 100 |
_aBielich Salazar, Claudia _eAUT |
||
| 245 | 0 |
_aLa guerra del centavo: _buna mirada actual al transporte público en Lima Metropolitana |
|
| 260 | _c2009 | ||
| 300 |
_a124 páginas : _c30 cm. |
||
| 650 | _aGEN | ||
| 654 | _aCHU | ||
| 942 |
_cLIB _dJUS _fJUS _2ddc _n |
||
| 999 |
_c9670 _d9670 |
||